All Hercules characters by screen time - Statistics

General Stats
  • This quiz has been taken 27 times
  • The average score is 12 of 27
Answer Stats
% Of Movie Screen Time Answer % Correct
44.81 41:42 Hercules
100%
15.24 14:11 Hades
92%
7.31 6:48 Zeus
92%
19.34 18:00 Meg
88%
6.61 6:09 Pain
81%
18.14 16:53 Philoctetes
77%
2.53 2:21 Hera
73%
6.46 6:01 Panic
73%
11.03 10:16 Pegasus
73%
1.54 1:26 Hermes
46%
3.21 2:59 Hydra
42%
8.27 7:42 Calliope
38%
7.61 7:05 Clio
35%
8.06 7:30 Melpomene
35%
7.74 7:12 Terpsichore
35%
8.20 7:38 Thalia
35%
1.41 1:19 Hydros
31%
1.49 1:23 Lythos
31%
1.47 1:22 Pyros
31%
1.22 1:08 Stratos
31%
1.74 1:37 Clotho
12%
1.47 1:22 Lachesis
12%
3.67 3:25 Amphitryon
8%
1.47 1:22 Atropos
8%
1.86 1:44 Nessus
8%
1.52 1:25 Alcleme
0%
1.72 1:36 Arges
0%
No matching quizzes found
Score Distribution
Percent of People with Each Score
Percentile by Number Answered
Your Score History
You have not taken this quiz